[Event "AUTO-ADV-837"]
[Site "http://www.queenalice.com/game.php?id=407111"]
[Date "2008.5.23"]
[Round "2"]
[White "RedMosquito"]
[Black "Grau"]
[Result "0-1"]
[WhiteElo "1834"]
[BlackElo "2176"]

1. c4 e6 2. d4 d5 3. Nf3 dxc4 4. e4 b5 5. a4 c6 6. Be2 Nf6 7. Bg5 Bb7 8. O-O Be7
9. Bxf6 Bxf6 10. e5 Be7 11. axb5 cxb5 12. Nc3 a6 13. Qd2 Nc6 14. Rfd1 Nb4 15.
Qf4 Qb6 16. Ng5 O-O 17. Bf3 Bxg5 18. Qxg5 Bxf3 19. gxf3 Nd3 20. Ne4 Qxd4 21. Kh1
Qxe5 22. Qg2 Qxb2 0-1

[Event "AUTO-INT-785"]
[Site "http://www.queenalice.com/game.php?id=411012"]
[Date "2008.5.31"]
[Round "2"]
[White "Grau"]
[Black "vult0"]
[Result "1-0"]
[WhiteElo "2195"]
[BlackElo "1680"]

1. d4 d5 2. c4 c6 3. Nf3 Nf6 4. Nc3 e6 5. e3 Bb4 6. Bd3 h6 7. O-O O-O 8. a3 Ba5
9. Qc2 Nbd7 10. Bd2 a6 11. b3 Qc7 12. b4 Bb6 13. c5 Ba7 14. a4 b6 15. cxb6 Bxb6
16. a5 Ba7 17. Na4 Bb7 18. Nc5 Bxc5 19. bxc5 e5 20. Nxe5 Nxe5 21. dxe5 Qxe5 22.
Bc3 Qe6 23. Qb2 Bc8 24. Ra4 Qe7 25. Rb1 Be6 26. Rb4 Nd7 27. Rb7 Qg5 28. Bd4 h5
29. f4 Qg4 30. h3 Qh4 31. f5 Nf6 32. fxe6 fxe6 33. Rxg7+ Kxg7 34. Qb7+ Kh6 35.
Bxf6 Qxf6 36. Qh7+ Kg5 37. Rb4 Qe5 38. Qg6# 1-0

[Event "AUTO-INT-785"]
[Site "http://www.queenalice.com/game.php?id=411013"]
[Date "2008.5.31"]
[Round "2"]
[White "vult0"]
[Black "Grau"]
[Result "0-1"]
[WhiteElo "1682"]
[BlackElo "2184"]

1. e4 c5 2. d3 Nc6 3. Nf3 g6 4. Nc3 Bg7 5. Be2 Nf6 6. O-O d6 7. Be3 O-O 8. Qd2
Ng4 9. h3 Nxe3 10. Qxe3 Nd4 11. Qd2 Qa5 12. a3 Nxe2+ 13. Qxe2 Bxc3 14. bxc3 Qxc3
15. a4 Bd7 16. Qd1 Rfc8 17. Qe2 Rc6 18. e5 d5 19. Ng5 h6 20. Nf3 Ra6 21. a5 Rxa5
22. Rxa5 Qxa5 23. d4 Bb5 24. Qd1 Bxf1 25. Kxf1 e6 26. Ne1 Rc8 27. dxc5 Qxc5 28.
Qd3 b5 29. Kg1 a5 30. g3 a4 31. Kg2 a3 32. Qb3 Qc3 0-1

[Event "AUTO-ADV-812"]
[Site "http://www.queenalice.com/game.php?id=416752"]
[Date "2008.6.13"]
[Round "2"]
[White "Grau"]
[Black "bruno_borges"]
[Result "1-0"]
[WhiteElo "2185"]
[BlackElo "1966"]

1. d4 Nf6 2. c4 e6 3. Nf3 b6 4. a3 Bb7 5. Nc3 d5 6. cxd5 Nxd5 7. Qc2 Nxc3 8.
bxc3 Nd7 9. e4 Nf6 10. e5 Nd5 11. Bb5+ c6 12. Bd3 h6 13. O-O Be7 14. a4 c5 15.
Bb5+ Kf8 16. Bd2 Rc8 17. Qb2 cxd4 18. cxd4 g6 19. Rfc1 Kg7 20. Rxc8 Qxc8 21. Rc1
Qb8 22. h4 Rc8 23. Bc4 Rc7 24. Bd3 Qc8 25. Rxc7 Qxc7 26. Kh2 Bc6 27. Bc2 Qd7 28.
h5 Bxa4 29. Bxa4 Qxa4 30. hxg6 fxg6 31. Qc1 g5 32. Qc8 Kf7 33. Kg3 Qe8 34. Qa6
Qd7 35. Kh2 Nb4 36. Bxb4 Bxb4 37. Qd3 Kg7 38. Kg1 b5 39. Nh2 Bc5 40. Qf3 Bxd4
41. Qf6+ Kh7 42. Ng4 Bxe5 43. Qxh6+ Kg8 44. Nxe5 Qe7 45. Nc6 Qc5 46. Qxe6+ Kg7
47. g3 b4 48. Ne5 Qc7 49. Qg6+ Kf8 50. Qf6+ Ke8 51. Qxg5 b3 52. Qg8+ Ke7 53.
Qf7+ Kd6 54. Nc4+ Kc6 55. Qf3+ 1-0

[Event "AUTO-ADV-812"]
[Site "http://www.queenalice.com/game.php?id=416753"]
[Date "2008.6.13"]
[Round "2"]
[White "bruno_borges"]
[Black "Grau"]
[Result "0-1"]
[WhiteElo "1958"]
[BlackElo "2170"]

1. e4 c5 2. Nf3 Nc6 3. Bb5 g6 4. O-O Bg7 5. c3 a6 6. Bxc6 dxc6 7. d3 Nf6 8. h3
O-O 9. Be3 c4 10. e5 Nd5 11. Bd4 cxd3 12. Qxd3 Qc7 13. Qe4 Bf5 14. Qh4 c5 15.
Be3 Nxe3 16. fxe3 Rad8 17. e4 Bc8 18. e6 f6 19. e5 Bxe6 20. exf6 Bxf6 21. Ng5
Bxg5 22. Qxg5 Rxf1+ 23. Kxf1 Rd1+ 24. Kf2 c4 25. Qe3 Bd5 26. Qe2 Qf4+ 0-1

[Event "AUTO-ADV-812"]
[Site "http://www.queenalice.com/game.php?id=416754"]
[Date "2008.6.13"]
[Round "2"]
[White "Grau"]
[Black "vindaloo"]
[Result "1-0"]
[WhiteElo "2152"]
[BlackElo "1853"]

1. e4 c5 2. Nf3 d6 3. d4 cxd4 4. Nxd4 Nc6 5. Nc3 e5 6. Nb3 Nf6 7. Bc4 a6 8. Be3
Be7 9. O-O Be6 10. Nd5 Nxe4 11. Bb6 Qc8 12. Nc7+ Kd7 13. Bxe6+ fxe6 14. Qg4 Qg8
15. Nxa8 Qxa8 16. Qxe4 h5 17. Rad1 d5 18. f4 g5 19. Rxd5+ exd5 20. Qxd5+ Bd6 21.
Nc5+ Ke7 22. Qe6+ Kf8 23. fxg5+ 1-0

[Event "AUTO-ADV-812"]
[Site "http://www.queenalice.com/game.php?id=416755"]
[Date "2008.6.13"]
[Round "2"]
[White "vindaloo"]
[Black "Grau"]
[Result "0-1"]
[WhiteElo "1849"]
[BlackElo "2155"]

1. e4 e5 2. Nf3 Nc6 3. Bb5 a6 4. Be2 Nf6 5. d3 Bc5 6. c3 d5 7. d4 exd4 8. cxd4
Bb4+ 9. Bd2 dxe4 10. Bxb4 exf3 11. Bxf3 Nxb4 12. Qa4+ Nc6 13. O-O O-O 14. Nc3
Nxd4 15. Rad1 Nxf3+ 16. gxf3 Qe7 17. Rfe1 Be6 18. a3 Rad8 19. Ne4 Rxd1 20. Rxd1
Nxe4 21. fxe4 Bh3 22. Rd3 Qg5+ 0-1

[Event "AUTO-MASTER-519"]
[Site "http://www.queenalice.com/game.php?id=452034"]
[Date "2008.8.22"]
[Round "2"]
[White "Tonyc"]
[Black "Grau"]
[Result "0-1"]
[WhiteElo "2008"]
[BlackElo "2242"]

1. d4 d5 2. c4 dxc4 3. e4 e5 4. Nf3 exd4 5. Bxc4 Nf6 6. Ng5 Bb4+ 7. Bd2 Bxd2+ 8.
Qxd2 O-O 9. O-O Nc6 10. Na3 h6 11. Nxf7 Rxf7 12. Bxf7+ Kxf7 13. f3 Be6 14. b3
Qe7 15. Nc2 Rd8 16. Rad1 Kg8 17. Rfe1 Qc5 18. Qf2 Qa5 19. Rd2 d3 20. Ne3 Ne5 21.
Nf5 c5 22. h3 Bxf5 23. exf5 c4 24. b4 Qc7 25. Rc1 c3 26. Rdd1 d2 27. Rc2 Nd3 28.
Rcxd2 Nxf2 29. Rxd8+ Kh7 30. Kxf2 c2 31. Rc1 Qxd8 32. Rxc2 Nd5 33. Rd2 Qb6+ 34.
Kg3 Ne3 35. Kf4 Nf1 36. Rd3 Qxb4+ 37. Ke5 Qb2+ 38. Ke4 Qxa2 39. g4 Qc4+ 40. Rd4
Qe2+ 41. Kd5 Qxf3+ 42. Kc5 Qc6+ 0-1

[Event "AUTO-MASTER-519"]
[Site "http://www.queenalice.com/game.php?id=452035"]
[Date "2008.8.22"]
[Round "2"]
[White "Grau"]
[Black "Tonyc"]
[Result "1-0"]
[WhiteElo "2237"]
[BlackElo "2015"]

1. e4 c5 2. Nf3 Nc6 3. d4 cxd4 4. Nxd4 Nf6 5. Nc3 e5 6. Ndb5 a6 7. Nd6+ Bxd6 8.
Qxd6 Qb6 9. Bd2 Qd4 10. Qxd4 exd4 11. Nd5 Nxd5 12. exd5 Ne7 13. d6 Nf5 14. Bd3
Nxd6 15. O-O-O b5 16. Rhe1+ Kf8 17. Bb4 Bb7 18. Bxd6+ Kg8 19. f3 Bd5 20. Re7 Be6
21. Be4 Rd8 22. Bc7 Rf8 23. Rxd4 h5 24. f4 Rc8 25. f5 Rxc7 26. Re8+ Kh7 27.
fxe6+ g6 28. Bxg6+ Kxg6 29. Rxh8 dxe6 30. Rd6 a5 31. Rb6 b4 32. Rb5 Ra7 33.
Rhxh5 f5 34. g4 Ra8 35. h4 Ra7 36. Rg5+ Kf6 37. gxf5 exf5 38. Rbxf5+ Ke6 39.
Rxa5 Rd7 40. Ra6+ Kf7 41. Rb6 Re7 42. h5 1-0

[Event "AUTO-MASTER-519"]
[Site "http://www.queenalice.com/game.php?id=452038"]
[Date "2008.8.22"]
[Round "2"]
[White "Grau"]
[Black "Donidon"]
[Result "1-0"]
[WhiteElo "2211"]
[BlackElo "2380"]

1. Nf3 Nf6 2. b3 d5 3. Bb2 c5 4. e3 Nc6 5. Bb5 Qc7 6. O-O e6 7. c4 Bd6 8. d4
cxd4 9. cxd5 exd5 10. Bxd4 Be6 11. Nc3 Be7 12. Rc1 O-O 13. Bxf6 Bxf6 14. Bxc6
bxc6 15. Nxd5 Bxd5 16. Qxd5 Qxh2+ 17. Kxh2 cxd5 18. Rfd1 Rfd8 19. Rc5 Kf8 20.
Rcxd5 Rxd5 21. Rxd5 Ke7 22. e4 Ke6 23. Kg3 Rc8 24. Ra5 Rc7 25. e5 Bd8 26. Nd4+
Ke7 27. Kf4 Ke8 28. Ra4 f6 29. e6 g6 30. Ke4 h5 31. Rc4 Rb7 32. Rc8 Rc7 33. Rxc7
Bxc7 34. Nb5 Bb6 35. f4 Ke7 36. f5 g5 37. Nc3 Bd8 38. b4 h4 39. a4 g4 40. a5 g3
41. Kf3 Kd6 42. Nb5+ Ke5 43. Nxa7 Kxf5 44. Nc6 Kxe6 45. Nxd8+ Kd7 46. Kg4 f5+
47. Kxh4 Kxd8 48. Kg5 Kc7 49. Kxf5 1-0

[Event "AUTO-MASTER-519"]
[Site "http://www.queenalice.com/game.php?id=452039"]
[Date "2008.8.22"]
[Round "2"]
[White "Donidon"]
[Black "Grau"]
[Result "1/2-1/2"]
[WhiteElo "2372"]
[BlackElo "2196"]

1. e4 c5 2. Nf3 Nc6 3. d4 cxd4 4. Nxd4 Nf6 5. Nc3 e5 6. Ndb5 d6 7. Bg5 a6 8. Na3
b5 9. Nd5 Be7 10. Bxf6 Bxf6 11. c3 O-O 12. Nc2 Bg5 13. a4 bxa4 14. Rxa4 a5 15.
Bc4 Rb8 16. b3 Kh8 17. O-O f5 18. exf5 Bxf5 19. Nce3 Bg6 20. Qg4 e4 21. Qe2 Ne5
22. Qa2 Nc6 23. Kh1 Qd7 24. Qe2 Bd8 25. Bb5 Qb7 26. Bxc6 Qxc6 27. Qc2 Rb7 28. c4
Qe8 29. Rd1 Qe5 30. Ra2 Rbf7 31. Rd2 Kg8 1/2-1/2

[Event "AUTO-MASTER-505"]
[Site "http://www.queenalice.com/game.php?id=457222"]
[Date "2008.9.2"]
[Round "2"]
[White "Vonkinho"]
[Black "Grau"]
[Result "0-1"]
[WhiteElo "2189"]
[BlackElo "2199"]

1. d4 Nf6 2. c4 g6 3. Nc3 d5 4. cxd5 Nxd5 5. Na4 Bg7 6. e4 Nb6 7. Nf3 O-O 8. Be3
Nc6 9. h3 Qd6 10. Be2 Qb4+ 11. Nc3 Qxb2 12. Rc1 a6 13. O-O Rd8 14. Rc2 Qb4 15.
Qb1 Qxb1 16. Nxb1 Bxd4 17. Nxd4 Nxd4 18. Bxd4 Rxd4 19. Rxc7 Rxe4 20. Bf3 Re5 21.
Rfc1 Rb8 22. Nd2 Be6 23. Rxe7 Rd8 24. Ne4 Nd7 25. Rxd7 Bxd7 26. Rc7 Bc6 27. Nf6+
Kg7 28. Bxc6 bxc6 29. Rxc6 Re6 30. Rxe6 fxe6 31. Ne4 Rd3 32. Nc5 Ra3 33. Nxe6+
Kf6 34. Nf8 h5 35. Nd7+ Kg7 36. g3 Rxa2 0-1

[Event "AUTO-MASTER-505"]
[Site "http://www.queenalice.com/game.php?id=457223"]
[Date "2008.9.2"]
[Round "2"]
[White "Grau"]
[Black "Vonkinho"]
[Result "1-0"]
[WhiteElo "2225"]
[BlackElo "2222"]

1. e4 e5 2. Nf3 Nf6 3. d4 exd4 4. e5 Ne4 5. Qxd4 d5 6. exd6 Nxd6 7. Nc3 Nc6 8.
Qa4 Bd7 9. Be3 Nf5 10. Qe4+ Qe7 11. Bc5 Qxe4+ 12. Nxe4 O-O-O 13. O-O-O f6 14.
Bxf8 Rhxf8 15. Bc4 Kb8 16. Rhe1 b6 17. Rxd7 Rxd7 18. Be6 Re7 19. Bxf5 g6 20. Bh3
Rfe8 21. Re3 Rxe4 22. Bd7 Rxe3 23. fxe3 Rxe3 24. Bxc6 Re2 25. Nd4 Rf2 26. Ne6 h5
27. h4 Kc8 28. Bf3 Rf1+ 29. Kd2 Rh1 30. Nf4 Rxh4 31. Nxg6 Ra4 32. a3 h4 33. Ke3
c5 34. Be2 c4 35. c3 b5 36. Nxh4 Ra6 37. Kf4 Rd6 38. Nf3 Kd8 39. Nd4 a6 40. Bf3
Ke8 41. Kf5 Kf7 42. g4 Kg7 43. Bb7 Kf7 44. Bc8 Rd5+ 45. Ke4 Rd6 46. Nf5 Rc6 47.
Kd5 Rc7 48. Bxa6 Rd7+ 49. Kc5 Rd2 50. Bxb5 Rxb2 51. Bxc4+ Kg6 52. a4 Kg5 53. Ne3
Kf4 54. Nd5+ Ke5 55. a5 Rg2 56. a6 Rxg4 57. a7 Rg8 58. Nb6 1-0

[Event "AUTO-MASTER-505"]
[Site "http://www.queenalice.com/game.php?id=457226"]
[Date "2008.9.2"]
[Round "2"]
[White "Grau"]
[Black "lucich"]
[Result "1/2-1/2"]
[WhiteElo "2201"]
[BlackElo "2141"]

1. e4 c6 2. d4 d5 3. Nd2 dxe4 4. Nxe4 Bf5 5. Ng3 Bg6 6. h4 h6 7. Nf3 Nd7 8. Bd3
Bxd3 9. Qxd3 e6 10. Bf4 Ngf6 11. O-O-O Be7 12. Kb1 O-O 13. Ne5 Nxe5 14. Bxe5 Ng4
15. Qe2 Nxe5 16. dxe5 Qc7 17. f4 Rad8 18. Rxd8 Rxd8 19. Ne4 Qb6 20. c3 a5 21. g4
a4 22. g5 h5 23. Kc2 1/2-1/2

[Event "AUTO-MASTER-505"]
[Site "http://www.queenalice.com/game.php?id=457227"]
[Date "2008.9.2"]
[Round "2"]
[White "lucich"]
[Black "Grau"]
[Result "1/2-1/2"]
[WhiteElo "2143"]
[BlackElo "2228"]

1. d4 d5 2. c4 dxc4 3. Nf3 Nf6 4. e3 Bg4 5. Bxc4 e6 6. O-O Nc6 7. h3 Bh5 8. Nc3
Bd6 9. e4 Bxf3 10. Qxf3 Nxd4 11. Qd1 e5 12. Be3 O-O 13. a4 c6 14. f4 Qe7 15.
fxe5 Bxe5 16. Bxd4 Rad8 17. Nd5 cxd5 18. exd5 Nxd5 19. Bxe5 Qxe5 20. Re1 Qf5 21.
Qe2 Nf6 22. b4 Qf4 23. Rad1 Rc8 24. Bb5 Qxb4 25. Qe7 Qc5+ 26. Qxc5 Rxc5 27. Re7
a6 28. Bf1 b5 29. axb5 axb5 30. Rb7 Ne4 31. Rd4 Nc3 32. Rb4 h5 33. Bxb5 Nxb5 34.
R4xb5 Rfc8 1/2-1/2

[Event "Challenge"]
[Site "http://www.queenalice.com/game.php?id=951026"]
[Date "2011.6.17"]
[Round "-"]
[White "Grau"]
[Black "redkitten"]
[Result "1-0"]
[WhiteElo "2248"]
[BlackElo "2019"]

1. e4 c5 2. Nf3 Nc6 3. Nc3 g6 4. d4 cxd4 5. Nxd4 Bg7 6. Be3 d6 7. Bc4 Nf6 8. f3
O-O 9. Qd2 Qc7 10. Bb3 Nd7 11. Nd5 Qd8 12. O-O-O Nb6 13. h4 Nxd5 14. exd5 Nxd4
15. Bxd4 a6 16. Bxg7 Kxg7 17. h5 Bf5 18. g4 Bd7 19. hxg6 fxg6 20. Qh6+ Kf6 21.
Qh4+ g5 22. Qh6+ Kf7 23. Qxh7+ Kf6 24. Rh6+ Ke5 25. Qe4# 1-0

[Event "AUTO-MASTER-1431"]
[Site "http://www.queenalice.com/game.php?id=951170"]
[Date "2011.6.18"]
[Round "1"]
[White "Whoami"]
[Black "Grau"]
[Result "0-1"]
[WhiteElo "2098"]
[BlackElo "2253"]

1. c4 e5 2. g3 Nf6 3. Bg2 Nc6 4. Nc3 Bc5 5. Nf3 d6 6. d3 O-O 7. O-O h6 8. a3 a5
9. e3 Ne7 10. d4 exd4 11. exd4 Ba7 12. Nb5 Bb6 13. h3 Re8 14. Be3 Nf5 15. Bf4
Be6 16. Rc1 c6 17. Nxd6 Nxd6 18. Bxd6 Qxd6 19. c5 Qc7 20. cxb6 Qxb6 21. Qc2 Bd5
22. Qc5 Qxb2 23. Rb1 Qe2 24. Rfe1 Qa2 25. Rxe8+ Rxe8 26. Rxb7 Ne4 27. Qxa5 Qxf2+
0-1

[Event "AUTO-MASTER-1431"]
[Site "http://www.queenalice.com/game.php?id=951171"]
[Date "2011.6.18"]
[Round "1"]
[White "Grau"]
[Black "Whoami"]
[Result "1-0"]
[WhiteElo "2272"]
[BlackElo "2121"]

1. e4 e5 2. Nf3 Nc6 3. Bb5 a6 4. Ba4 Nf6 5. O-O Be7 6. Re1 b5 7. Bb3 d6 8. c3
O-O 9. h3 Na5 10. Bc2 c5 11. d4 Qc7 12. Nbd2 cxd4 13. cxd4 Nc6 14. Nb3 Bd7 15.
Be3 Rac8 16. Rc1 Qd8 17. Qd2 exd4 18. Nbxd4 Ne5 19. Nxe5 dxe5 20. Nf3 Qc7 21.
Red1 Rfd8 22. Bb3 Qb8 23. Qa5 Rxc1 24. Rxc1 Nxe4 25. Qxa6 Nf6 26. Bb6 Re8 27.
Bc7 Qc8 28. Qxc8 Rxc8 29. Nxe5 Be8 30. Nd3 Ne4 31. Bd5 Nd6 32. b3 Bd7 33. Ba5
Rxc1+ 34. Nxc1 Nf5 35. Nd3 Bd6 36. Bb4 Bxb4 37. Nxb4 Nd4 38. f3 Kf8 39. Kf2 Ke7
40. Be4 f5 41. Bd3 g6 42. Ke3 Ne6 43. Nd5+ Kf7 44. Nc3 f4+ 45. Ke4 Nc5+ 46. Kd4
Nxd3 47. Kxd3 b4 48. Nd5 Bb5+ 49. Kd2 Bf1 50. Nxf4 g5 51. Ke1 1-0

[Event "AUTO-MASTER-1431"]
[Site "http://www.queenalice.com/game.php?id=951184"]
[Date "2011.6.18"]
[Round "1"]
[White "jartuga99"]
[Black "Grau"]
[Result "0-1"]
[WhiteElo "2060"]
[BlackElo "2260"]

1. e4 g6 2. Bc4 Nf6 3. d3 Nc6 4. a4 Bg7 5. Nf3 d5 6. exd5 Nxd5 7. h3 O-O 8. O-O
b6 9. c3 Bb7 10. Na3 Qd7 11. d4 Rfe8 12. b4 Nxc3 13. Qb3 Nxd4 14. Nxd4 Qxd4 15.
Be3 Qe4 16. f3 Qxe3+ 17. Kh1 Qf4 18. Rae1 e6 19. Nc2 Rad8 20. Bxe6 Rxe6 21. Rxe6
Bd5 0-1

[Event "AUTO-MASTER-1431"]
[Site "http://www.queenalice.com/game.php?id=951185"]
[Date "2011.6.18"]
[Round "1"]
[White "Grau"]
[Black "jartuga99"]
[Result "1-0"]
[WhiteElo "2266"]
[BlackElo "2052"]

1. e4 c5 2. c3 e5 3. Nf3 d6 4. d4 Bg4 5. dxe5 Bxf3 6. Qxf3 dxe5 7. Bb5+ Nd7 8.
Qg3 f6 9. O-O Qb6 10. a4 O-O-O 11. Rd1 a6 12. Bc4 Ne7 13. Qh3 h5 14. Be6 Qc7 15.
Na3 g5 16. Nc4 Ng6 17. Rxd7 Rxd7 18. Bxd7+ Kb8 19. Qe6 Bg7 20. a5 Rd8 21. Ba4
Nf8 22. Qb6 Nd7 23. Qxc7+ Kxc7 24. Be3 Bf8 25. Rd1 Be7 26. Rd5 b5 27. axb6+ Nxb6
28. Nxb6 1-0

[Event "AUTO-MASTER-1431"]
[Site "http://www.queenalice.com/game.php?id=951192"]
[Date "2011.6.18"]
[Round "1"]
[White "GiovanniCosta"]
[Black "Grau"]
[Result "1-0"]
[WhiteElo "2266"]
[BlackElo "2266"]

1. e4 c6 2. d4 d5 3. e5 Bf5 4. Nc3 e6 5. Nf3 Bb4 6. Bd3 Bxd3 7. Qxd3 Ne7 8. O-O
Ng6 9. Ne2 Be7 10. c4 dxc4 11. Qxc4 O-O 12. Nc3 h6 13. g3 Nd7 14. Qe2 Nb6 15. a3
Qc7 16. Be3 Rfd8 17. Ne4 Bf8 18. h4 Ne7 19. g4 Ned5 20. Bd2 Re8 21. Qd3 Nd7 22.
g5 h5 23. g6 f6 24. Rae1 fxe5 25. Neg5 Bd6 26. Re2 Nf8 27. Nxe5 Bxe5 28. dxe5
Qd7 29. Qf3 1-0

[Event "AUTO-MASTER-1431"]
[Site "http://www.queenalice.com/game.php?id=951193"]
[Date "2011.6.18"]
[Round "1"]
[White "Grau"]
[Black "GiovanniCosta"]
[Result "0-1"]
[WhiteElo "2279"]
[BlackElo "2253"]

1. e4 e5 2. Nf3 Nc6 3. d4 exd4 4. Nxd4 Bc5 5. Be3 Qf6 6. c3 Nge7 7. Bc4 Ne5 8.
Be2 d5 9. O-O O-O 10. Nd2 Bb6 11. a4 c5 12. N4b3 d4 13. cxd4 cxd4 14. Nxd4 Rd8
15. Nc2 N7g6 16. a5 Bxe3 17. fxe3 Qg5 18. Ra3 Bh3 19. Rf2 Nh4 20. g3 Rac8 21.
Nd4 Nhg6 22. Bf1 Bxf1 23. Rf5 Qe7 24. Rxf1 a6 25. Qe2 Nc6 26. Ra4 Nge5 27. Nb1
Qc5 28. Nxc6 bxc6 0-1

[Event "Challenge"]
[Site "http://www.queenalice.com/game.php?id=952522"]
[Date "2011.6.21"]
[Round "-"]
[White "JD"]
[Black "Grau"]
[Result "0-1"]
[WhiteElo "1729"]
[BlackElo "2247"]

1. e3 e5 2. c4 Nf6 3. Qe2 Nc6 4. h4 d5 5. cxd5 Nxd5 6. b3 Be7 7. Qf3 Ndb4 8. Na3
Be6 9. Bc4 Bxc4 10. bxc4 Nd3+ 11. Kf1 Nxc1 12. Rxc1 Bxa3 13. Rc3 Qxd2 14. e4 Bb4
15. Re3 Qc1+ 16. Ke2 Nd4+ 0-1